000
00192 a2200097 4500
001
41766
100
_a
Michoner J A
245
_a
Poland
260
_a
_b
Corgi Book
_c
090
_c
25878
_d
25878
942
_a
NUST-CAE
_c
M
_c
17644
999
_c
276839
_d
276839